Quy sơn cảnh sách
Kaydedildi:
| Yazar: | |
|---|---|
| Materyal Türü: | Kitap |
| Dil: | Undetermined |
| Baskı/Yayın Bilgisi: |
Hà Nội
Tôn Giáo
2004
|
| Konular: | |
| Etiketler: |
Etiketle
Etiket eklenmemiş, İlk siz ekleyin!
|
| Thư viện lưu trữ: | Trung tâm Học liệu Trường Đại học Cần Thơ |
|---|
| LEADER | 00542nam a2200193Ia 4500 | ||
|---|---|---|---|
| 001 | CTU_92935 | ||
| 008 | 210402s9999 xx 000 0 und d | ||
| 020 | |c 16000 | ||
| 082 | |a 294.3 | ||
| 082 | |b H566 | ||
| 100 | |a Quy, Sơn Linh Hựu | ||
| 245 | 0 | |a Quy sơn cảnh sách | |
| 245 | 0 | |c Quy Sơn Linh Hựu ; Nguyễn Minh Tiến (dịch) | |
| 260 | |a Hà Nội | ||
| 260 | |b Tôn Giáo | ||
| 260 | |c 2004 | ||
| 650 | |a Buddhism,Religion | ||
| 904 | |i Mai Loan | ||
| 980 | |a Trung tâm Học liệu Trường Đại học Cần Thơ | ||